000 04963nam a2200481Ia 4500
001 dia_6236
003 CHAP
005 20240805124635.0
007 ta
008 220601s2016 mx ao frm 001 0 spa d
040 _amxchpua
_cCHAP
041 0 _aspa
_beng
090 _aTesis
_bA46
_c2016
100 1 _aAlonso Sánchez, Andrés
240 1 0 _aImplementation of terms of reference for the use of trademark official Mexico Supreme Quality in tomato.
_lEspañol
245 1 0 _aImplementación de pliego de condiciones para el uso de la marca oficial México Calidad Suprema en tomate /
_cAndrés Alonso Sánchez
264 _aChapingo, México :
_bEl autor,
_c2016
300 _a92 hojas :
_bilustraciones, diagramas, tablas, fotos +
_e1 CD-ROM
336 _2rdacontent
_atexto
_btxt
337 _2rdamedia
_ano mediado
_bn
338 _2rdacarrier
_avolumen
_bnc
500 _aEl CD contiene reporte
502 _aMemoria de Experiencia Profesional
_b(Ingeniero Agroindustrial) --
_cUACh, Departamneto de Ingeniería Agroindustrial,
_d2016
504 _aBibliografía: hojas 60-61
520 3 _aLa presente experiencia profesional aborda la implementación del pliego de condiciones para el uso de sello oficial Mexico Calidad Suprema para tomate, PC-020-TOMATE-2005, por lo que se expone el proceso de implementación como experiencia profesional, se proponen algunas recomendaciones y conclusiones al respecto. El proceso de la implementación se compone de distintas etapas que implican: 1.- Diagnóstico, identificar las condiciones reales de la organización; 2.- Plan de acción, el cual contempla el desarrollo documental, capacitación sobre el llenado de los documentos y las mejoras en la infraestructura fisica; 3.- La implantación del sistema, por medio de visitas de seguimiento donde se capacita y prepara al personal en lo requerido por el pliego, posteriormente; 4.- La preevaluación del sistema con personal competente y con experiencia en la evaluación de la conformidad, para identificar posibles mejoras basado en el pliego de condiciones en cuestión, una vez corregida los hallazgos se procede a realizar; 5.- La evaluacion de la conformidad con personal procedente de un organismo de certificación, donde se presenta el informe con las acciones correctivas derivadas de la misma, si las hubiera para la emisión del certificado, y finalmente; 6.- La mejora el sistema en apoyo del analisis estadistico que arroja la implementacion del sistema para satisfacción del cliente/comprador. Para analizar los posibles factores que pueden intervenir en el resultado de la implementación se comparan dos experiencias en distintas empresas con la misma metodología y distinto organismo de certificación --
520 3 _aThis expertise addresses the implementation of the specifications for the use of official seal México Calidad Suprema for tomato, PC-020-TOMATO-2005, so that the implementation process as experience is exposed, some recommendations and conclusions are proposed about. The implementation process consists of several steps involving: 1. Diagnosis, identifying the actual conditions of the organization; 2. Action Plan, which includes the documentary development, training on filling of documents and improvements in physical infrastructure; 3. The implementation of the system, through follow-up visits where he trains and prepares the personnel required by the specifications, then; 4. The pre-assessment system with competent and experienced personnel in conformity assessment, to identify possible improvements based on the specification in question, once corrected findings proceed to perform; 5. The evaluation of compliance with personnel from a certification body, where the report is submitted corrective actions arising therefrom, if any for the issuance of the certificate, and finally; 6. Improving the system in support of statistical analysis that casts the implementation of the system for customer satisfaction / buyer. To analyze the possible factors that may be involved in implementing the outcome of two experiences are compared in different companies with the same methodology and other certification body.
650 1 3 _aTomate
_xCertificación de producto
_2atg
650 1 3 _aIndustria de productos hortícolas
_xCertificación
_2atg
650 1 3 _aInocuidad alimentaria
_2atg
650 1 3 _aTomatoes
_xProduct certification
_2atg
650 1 3 _aHorticultural products industry
_xCertification
_2atg
650 1 3 _aFood safety
_2atg
700 1 _aVelázquez Castillo, Alejandra
_edirectora
700 1 _aMorales Santos, Tayde
_easesora
700 1 _aRivera Salvador, Víctor
_easesor
856 4 1 _uhttp://10.13.5.2/tesis/sist112539.pdf
_yDESCARGAR PDF
901 _aTESIS A46 2016
902 _aM
905 _a5232272016 mx nmdl8223123322spa16
942 _cTESIS
_2Clasificación Universidad Autónoma Chapingo
999 _c209676
_d209676